[Event "SYR-ch"]
[Site "Damascus"]
[Date "2016.05.04"]
[Round "5"]
[White "Khader, Aram"]
[Black "Haj Housin, Samer"]
[Result "1/2-1/2"]
[WhiteElo "2136"]
[BlackElo "2029"]
[PlyCount "67"]
[EventDate "2016.05.02"]
[EventType "swiss"]
[EventRounds "9"]
[EventCountry "SYR"]
[SourceTitle "EXT 2017"]
[Source "ChessBase"]
[SourceDate "2016.10.25"]
[SourceVersion "1"]
[SourceVersionDate "2016.10.25"]
[SourceQuality "1"]

1. e4 c5 2. Nf3 d6 3. d4 cxd4 4. Nxd4 Nf6 5. Nc3 a6 6. Be2 e5 7. Nb3 Be7 8. 0-0 0-0 9. a4 Be6 10. f4 exf4 11. Bxf4 Nc6 12. Bf3 Qc7 13. Kh1 Nd7 14. Nd5 Bxd5 15. exd5 Nce5 16. Be4 Bf6 17. Nd2 Rfe8 18. Ra3 Ng6 19. Rh3 Bxb2 20. Bg5 Nf6 21. Bxf6 Bxf6 22. Qh5 h6 23. Bxg6 fxg6 24. Qxg6 Qf7 25. Qxf7+ Kxf7 26. Nc4 Rad8 27. Rb3 Rd7 28. Rxb7 Rxb7 29. Nxd6+ Ke7 30. Nxb7 Rc8 31. Re1+ Kd7 32. Rc1 Rb8 33. Nc5+ Kd6 34. Nb3 1/2-1/2